000 00292nam a2200109Ia 4500
008 200302s9999 xx 000 0 und d
100 _aMahjeet Gandhi
245 _aCentury Design Interior Designer's Portfolios
260 _bCentury Plyboards (India) Ltd.,
260 _c2002
300 _a153 P.,
999 _c1547
_d1547